| 000 | 00000nam##2200000za#4500 |
| 001 | 9.535766 |
| 003 | CaOODSP |
| 005 | 20240628092336 |
| 007 | ta |
| 008 | 150406|2001||||xxc||||| f|0| 0 eng|d |
| 020 | |a0-660-61756-0 |
| 040 | |aCaOODSP|beng |
| 041 | |aeng |
| 041 | |afre |
| 043 | |an-cn--- |
| 086 | 1 |aEn49-24/1-38 |
| 110 | 1 |aCanada. |bEnvironment Canada. |bEnvironmental Protection Service. |
| 245 | 10|aGuidance document for flow measurement of metal mining effluents / |cPrepared by Minerals and Metals Division. |
| 260 | |aOttawa - Ontario : |bEnvironment Canada. |c2001. |
| 300 | |aEnglish text, ix, 28p. : |bfigs. ; |c28 cm. |
| 490 | 1 |aEnvironmental Protection series|vEPS 2/MM/4 |
| 500 | |a"The information presented is to support implementation of proposed Metal mining effluent regulations (MMER) promulgated under the Fisheries Act by Environment Canada."--Abstract. N.B.: Incorrect catalogue number (En49-24/1-38E) and ISBN (0-660-18240-8) printed on this publication. |
| 520 | 3 |aThe information presented is to support implementation of proposed Metal mining effluent regulations (MMER) promulgated under the Fisheries Act by Environment Canada.--Abstract |
| 546 | |aBilingual |
| 563 | |aSoftcover |
| 590 | |a01-33|b2001-08-17 |
| 690 | 07|aPollution|2gcpds |
| 690 | 07|aMining industry|2gcpds |
| 690 | 07|aWaste management|2gcpds |
| 776 | 0#|tGuidance document for flow measurement of metal mining effluents : |w(CaOODSP)9.574561 |
| 776 | 0#|tDocument d'orientation pour les mesures de débit des effluents de mines de métaux : |w(CaOODSP)9.604303 |
| 792 | |tDocument d'orientation pour les mesures de débit des effluents de mines de métaux / |efre|w(CaOODSP)9.535767 |
| 830 | #0|aEnvironmental protection series reports ;|vEPS 2/MM/4|w(CaOODSP)9.509272 |